Amerling 1. Klasse: Das Gleichnis vom verlorenen Sohn - Statistiken

Allgemein
  • Dieses Quiz wurde 210 mal gespielt
  • Das Durchschnittsergebnis liegt bei 8 aus 11
Antwortstatistiken
Frage Antwort % Korrekt
Vers 28: Wie wurde der ältere Sohn, als er erfuhr, dass für seinen Bruder ein Fest gefeiert wurde? Er wurde zornig
100%
Was will er unter anderem zu seinem Vater sagen? Ich bin nicht mehr wert, dein Sohn zu sein.
100%
Wo war der ältere Sohn, als der jüngere nach Hause kam? auf dem Feld
89%
Was machte der jüngere Sohn mit seinem Vermögen? Er verschleuderte es.
89%
Was geschah dann in dem Land? Es kam eine große Hungersnot.
89%
Wohin zog der jüngere Sohn? in ein fernes Land
89%
Welchen Beruf nahm da der jüngere Sohn an? Schweinehirt
89%
Was sagt der Vater in Vers 31 zum älteren Sohn? Mein Kind, du bist immer bei mir, und alles, was mein ist, ist auch dein.
78%
Was lässt der Vater von den Knechten NICHT bringen? eine Kanne Wein
44%
Und was tat der Vater? Er tat alle drei Sachen
44%
Lies Vers 20. Was verspürte der Vater? Mitleid
11%
Keine übereinstimmenden Quizze gefunden
Verteilung der Resultate
Anzahl Personen mit jedem Resultat
Perzentil nach korrekt beantworteten Fragen
Ihre Resultats-Entwicklung
Sie haben dieses Quiz noch nicht gespielt